Apuntes para la historia de Guecho / (Record no. 103833)

MARC details
000 -LEADER
campo de control de longitud fija 00676nam a2200193 i 4500
001 - NÚMERO DE CONTROL
campo de control 103833
003 - IDENTIFICADOR DE NÚMERO DE CONTROL
campo de control ES-MaACL
005 - FECHA Y HORA DE LA ÚLTIMA TRANSACCIÓN
campo de control 20230906183444.0
007 - CAMPO FIJO DE DESCRIPCIÓN FÍSICA--INFORMACIÓN GENERAL
campo de control de longitud fija t|
008 - DATOS DE LONGITUD FIJA--INFORMACIÓN GENERAL
campo de control de longitud fija 051118s1970 sp ||||1| spa d
100 1# - ENTRADA PRINCIPAL--NOMBRE DE PERSONA
Nombre de persona Merino Urrutia, José Juan Bautista.
9 (RLIN) 80553
245 10 - MENCIÓN DEL TÍTULO
Título Apuntes para la historia de Guecho /
Mención de responsabilidad, etc. por José Juan Bautista Merino Urrutia; prólogo... Joaquín de Zuazagoitia.
250 ## - MENCION DE EDICION
Mención de edición 2ª ed.
260 ## - PUBLICACIÓN, DISTRIBUCIÓN, ETC.
Lugar de publicación, distribución, etc. Bilbao :
Nombre del editor, distribuidor, etc. Junta de Cultura de Vizcaya,
Fecha de publicación, distribución, etc. 1970.
300 ## - DESCRIPCIÓN FÍSICA
Extensión 194 p., 1 lám., 2 map. pleg. ;
Dimensiones 22 cm.
700 1# - ENTRADA AGREGADA--NOMBRE PERSONAL
Nombre de persona Zuazagoitia, Joaquín de.
9 (RLIN) 118382
710 2# - ENTRADA AGREGADA--NOMBRE DE ENTIDAD CORPORATIVA
Nombre de entidad corporativa o nombre de jurisdicción como elemento de entrada Junta de Cultura de Vizcaya.
9 (RLIN) 5386
852 ## - LOCALIZACIÓN
Ubicación ES-MaACL
Número de control de estantería C-56597
Sublocalización o colección R.89233
Holdings
Estatus retirado Estado de pérdida Estado de daño No para préstamo Biblioteca de origen Biblioteca actual Ubicación en estantería Fecha de adquisición Fuente de adquisición Total de préstamos Signatura topográfica completa Código de barras Visto por última vez Precio de reemplazo Tipo de ítem Koha
        Biblioteca del Ateneo de Madrid Biblioteca del Ateneo de Madrid Depósito 2 17/01/2008     C-56597 1108406 23/02/2023 23/02/2023 Libro impreso